000 00773nam a2200277Ia 4500
003 OSt
005 20220926022844.0
006 a|||||r|||| 00| 0
007 ta
008 220923b |||||||| |||| 00| 0 eng d
020 _a0393975150
037 _cGeneral Book
040 _aRTL
_cRTL
_beng
041 _2eng
_aeng
082 _aX:72, P5
100 _aHall Robert E
_9247825
245 0 _aMacroeconomics
_b Economic growth, fluctuations and
250 _aEd.6
260 _aNew York
_bW W Norton
_c2005
300 _axxxi;521p
_ccm.
500 _aGlossary at the end
650 _aMacroeconomics
_9186166
700 _a Papell David H
_9328346
942 _hX:72, P5
_cGB
_2CC
999 _c640440
_d640440